A Cloced and Common Orbit (Record no. 3581)

MARC details
000 -LEADER
fixed length control field 00446nam a22001577a 4500
008 - FIXED-LENGTH DATA ELEMENTS--GENERAL INFORMATION
fixed length control field 250521b |||||||| |||| 00| 0 eng d
020 ## - INTERNATIONAL STANDARD BOOK NUMBER
ISBN 9781473621442
100 ## - MAIN ENTRY--AUTHOR
Author Chambers Becky
245 ## - TITLE STATEMENT
Title A Cloced and Common Orbit
260 ## - PUBLICATION, DISTRIBUTION, ETC. (IMPRINT)
Place of publication Lndon
Name of publisher Hodder and Stroughton
Date of publication 2016
300 ## - COLLATION
Pagination 365p.
Other physical details 24cm
650 ## - TRACINGS
Main Subject Interplanetary Voyage
Subdivision (1st) Fiction
650 ## - TRACINGS
Main Subject Extraterrestrial Behaviour
Subdivision (1st) Fiction
942 ## - ADDED ENTRY ELEMENTS (KOHA)
Item type Books
050 ## - LIBRARY OF CONGRESS CALL NUMBER
Classification number PS3603.H347
Item number .C43 2016
Holdings
Source of classification or shelving scheme Not for loan Permanent location Current location Date acquired Accession No. Full call number Barcode. Koha item type
Library of Congress Classification   Samuel Ogbemudia Main Library, University of Abuja Samuel Ogbemudia Main Library, University of Abuja 05/21/2025 2024/63632 PS3603.H347.C43 2016 2025-2054 Books